000 01083nam a22002297a 4500
001 3216
003 FISKH
005 20240220105818.0
008 240220b cb ||||| |||| 00| 0 eng d
020 _a9781880892824
040 _aFISKH
_beng
_cFISKH
_dFISKH
050 _aLB1575.587
082 _a372.4
100 _aStrayer, Debbie
245 _aLearning language arts through literature :
_bThe red teacher book /
_cBy Debbie Strayer and Susan Simpson
260 _aMelrose :
_bCommon Sense Press,
_c1998.
300 _a230 pages :
_billustrations ;
_c28 cm
520 _a"Easy-to-use format - bigger, better and more complete! Contains book studies, spelling word lists and instructions, reviews and assessments. Integrates all the language arts skills: Reading, spelling, grammar, higher-order reasoning skills, and creative writing. Teacher notes are right in the margin. Based upon the teaching ideas of Dr. Ruth Beechick." --provided by Goodreads.
650 _aLiterature
_xHomeschooling - Language Arts
700 _aSimpson, Susan
_eAuthor
942 _2ddc
_cBK
_n0
999 _c3216
_d3216